Vista normal Vista MARC

Entrada Personal Name

Número de registros utilizados en: 1

001 - CONTROL NUMBER

  • control field: 16745

003 - CONTROL NUMBER IDENTIFIER

  • control field: OSt

005 - DATE AND TIME OF LATEST TRANSACTION

  • control field: 20230915230343.0

008 - FIXED-LENGTH DATA ELEMENTS

  • fixed length control field: 230915|| aca||aabn | a|a d

040 ## - CATALOGING SOURCE

  • Original cataloging agency: OSt
  • Transcribing agency: OSt

100 ## - HEADING--PERSONAL NAME

  • Personal name: Fondo mixto para la promoción de la cultura y las artes de Santafé de Bogotá D.C.

670 ## - SOURCE DATA FOUND

  • Source citation: Work cat.: (OSt)22979: Fondo mixto para la promoción de la cultura y las artes de Santafé de Bogotá D.C., , Ley General de Cultura, Entrono gráfico y publicitario Ltda.









Instituto Departamental de Cultura del Meta - Red Departamental de Bibliotecas Públicas del Meta.